Daily strength for daily needs. (Record no. 91346)

MARC details
000 -LEADER
fixed length control field 00427cam a2200169u 4500
001 - CONTROL NUMBER
control field unk81056993
003 - CONTROL NUMBER IDENTIFIER
control field DLC
005 - DATE AND TIME OF LATEST TRANSACTION
control field 20260227112759.0
008 - FIXED-LENGTH DATA ELEMENTS--GENERAL INFORMATION
fixed length control field 820315s1884 xx 000 0 eng
010 ## - LIBRARY OF CONGRESS CONTROL NUMBER
LC control number unk81056993
040 ## - CATALOGING SOURCE
Original cataloging agency DLC
Transcribing agency CarP
Modifying agency DLC
050 00 - LIBRARY OF CONGRESS CALL NUMBER
Classification number BV4810
Item number .T5 1884
100 1# - MAIN ENTRY--PERSONAL NAME
Personal name Tileston, Mary Wilder,
Dates associated with a name 1843-1934.
245 10 - TITLE STATEMENT
Title Daily strength for daily needs.
260 ## - PUBLICATION, DISTRIBUTION, ETC.
Place of publication, distribution, etc. [n. p.]
Date of publication, distribution, etc. 1884.
300 ## - PHYSICAL DESCRIPTION
Extent 1 v.
Dimensions cm.

No items available.

Powered by Koha